00418nam a22001337a 4500003000400000005001700004008004100021040001100062100006600073245009000139250000800229260003900237300000800276OSt20240416122537.0240416b |||||||| |||| 00| 0 eng d cMRSPTU aAbraham T.Kovoor (ਅਬਰਾਹਮ ਟੀ. ਕੋਵੂਰ) aExposing Paranormal Claims (ਕਰਾਮਾਤਾਂ ਦਾ ਪਰਦਾਫਾਸ਼) a1st aPunjabbTarkbharti Parkashanc2001 a159